Mariano Marcos State University

University Library System

Mangrove ecology : a manual for a field course : (Record no. 17658)

MARC details
000 -LEADER
fixed length control field 00622nam a22001697a 4500
003 - CONTROL NUMBER IDENTIFIER
control field OSt
005 - DATE AND TIME OF LATEST TRANSACTION
control field 20221007132212.0
008 - FIXED-LENGTH DATA ELEMENTS--GENERAL INFORMATION
fixed length control field 221007b |||||||| |||| 00| 0 eng d
040 ## - CATALOGING SOURCE
Original cataloging agency MMSU
Transcribing agency ULS
050 ## - LIBRARY OF CONGRESS CALL NUMBER
Classification number SD 397.M25 M36 1996 REF/CASAT
245 ## - TITLE STATEMENT
Title Mangrove ecology : a manual for a field course :
Remainder of title a field manual focused on the biocomplexity on mangrove ecosystems /
Statement of responsibility, etc. edited by Ilka C. Feller, Marsha Sitnik
260 ## - PUBLICATION, DISTRIBUTION, ETC.
Place of publication, distribution, etc. Washington, DC :
Name of publisher, distributor, etc. Smithsonian Institution,
Date of publication, distribution, etc. 1996.
300 ## - PHYSICAL DESCRIPTION
Extent v, 135 pages ;
Dimensions 28 cm.
500 ## - GENERAL NOTE
General note Includes bibliographical references.
650 ## - SUBJECT ADDED ENTRY--TOPICAL TERM
Topical term or geographic name entry element Mangrove ecology
942 ## - ADDED ENTRY ELEMENTS (KOHA)
Source of classification or shelving scheme
Koha item type Books
Holdings
Withdrawn status Lost status Source of classification or shelving scheme Damaged status Not for loan Home library Current library Date acquired Source of acquisition Total Checkouts Full call number Barcode Date last seen Price effective from Koha item type
          MMSU College of Aquatic Sciences and Applied Technology MMSU College of Aquatic Sciences and Applied Technology 10/07/2022 Donation   SD 397.M25 M36 1996 REF/CASAT 38043 10/07/2022 10/07/2022 Books

© 2023 Mariano Marcos State University. All Rights Reserved.

Powered by Koha